000 005460000a22001570004500
090 _aAR
_b00758
245 1 0 _aBibliografía del BST en Parques Nacionales Naturales
650 1 4 _aBibliografías
_993093
650 1 4 _aParques nacionales naturales
_992751
650 1 4 _aAreas protegidas
_978
651 4 _lParque Nacional Natural Tayrona
_dMagdalena
_pColombia
_992749
041 0 _aEspañol
110 1 _aInstituto Nacional de los Recursos Naturales Renovables y del Ambiente
_sINDERENA
_993947
942 _cARTICULO
773 1 _tPreprint
_33
_q2-12
_d1997
999 _c9849
_d9849